Zakletí poníci. Kouzla a neplecha /
Příběh o začarovaných ponících a dvou kamarádkách, které je musí vysvobodit.
Uloženo v:
| Série: | Zakletí poníci,
část 1 |
|---|---|
| Hlavní autor: | |
| Další autoři: | |
| Médium: | E-kniha |
| Jazyk: | Czech |
| Vydáno: |
Praha :
Dobrovský s.r.o.,
2022
|
| Edice: | Drobek
|
| Témata: | |
| Příbuzné jednotky: | Z cyklu::
Zakletí poníci |
| Tagy: |
Žádné tagy |
| LEADER | 02089nam a2200505 i 4500 | ||
|---|---|---|---|
| 001 | 311664 | ||
| 003 | CZ PrSKC | ||
| 005 | 20260601215709.0 | ||
| 007 | ta | ||
| 008 | 220811s2022 xr a b 000 j cze | ||
| 015 | |a cnb003442136 | ||
| 020 | |a 9788027710485 |q (vázáno) | ||
| 035 | |a (OCoLC)1354196895 | ||
| 040 | |a ABG001 |b cze |d ABA001 |e rda | ||
| 041 | 1 | |a cze |h eng | |
| 072 | 7 | |a 821.111 |x Anglická literatura, anglicky psaná |2 Konspekt | |
| 072 | 7 | |a 821-93 |x Literatura pro děti a mládež (beletrie) |2 Konspekt | |
| 080 | |a 821.111(931)-32 |2 MRF | ||
| 080 | |a 821-93 |2 MRF | ||
| 080 | |a (0:82-32) |2 MRF | ||
| 100 | 1 | |a Gregg, Stacy |7 xx0158672 |4 aut | |
| 240 | 1 | 0 | |a Magic and mischief. |l Česky |
| 245 | 1 | 0 | |a Zakletí poníci. |p Kouzla a neplecha / |c Stacy Gregg ; z anglického originálu Spellbound ponies: Magic and mischief přeložila Jana Hrdličková |
| 246 | 3 | 0 | |a Kouzla a neplecha |
| 264 | 1 | |a Praha : |b Dobrovský s.r.o., |c 2022 | |
| 300 | |a 94 stran : |b ilustrace ; |c 21 cm | ||
| 336 | |a text |b txt |2 rdacontent | ||
| 337 | |a bez média |b n |2 rdamedia | ||
| 338 | |a svazek |b nc |2 rdacarrier | ||
| 490 | 1 | |a Drobek | |
| 520 | 2 | |a Příběh o začarovaných ponících a dvou kamarádkách, které je musí vysvobodit. | |
| 521 | 8 | |a Pro děti od 5 do 10 let | |
| 655 | 7 | |a novozélandské příběhy |7 fd1075167 |2 czenas | |
| 655 | 7 | |a publikace pro děti |7 fd133156 |2 czenas | |
| 655 | 9 | |a New Zealand stories |2 eczenas | |
| 655 | 9 | |a children's literature |2 eczenas | |
| 700 | 1 | |a Hrdličková, Jana, |d 1989- |7 jo20211125227 |4 trl | |
| 765 | 1 | |t Spellbound ponies | |
| 787 | 0 | 8 | |i Z cyklu: |t Zakletí poníci |g 1 |
| 830 | 0 | |a Drobek | |
| 900 | |a ABA001 |b 20 | ||
| 044 | |a xr | ||
| 910 | |a RBIT002 | ||
| 998 | |d 360050 |a https://core.palmknihy.cz/api/books/360050/cover?ri6wp8 |b https://core.palmknihy.cz/api/books/360050/cover/400?ri6wp8 |c https://core.palmknihy.cz/api/books/360050/cover/50?ri6wp8 |e 2027-01-04 |g 104 |i 9788027710485 |k https://core.palmknihy.cz/api/books/360050/preview.pdf |l |q 49 |r 1 |s https://www.palmknihy.cz/kniha/360050 |t ebook |y 2022 |z 0 |v Zakletí poníci |w 1 | ||
| 999 | |d 311662 | ||